00722 2200241 4500001002100000005001500021035002000036007000300056008004100059020002200100082001000122084001600132100002800148245012300176250001000299260004700309300003200356650002800388700002800416700001400444990001100458990001100469INLIS00000000000270220190104110558 a0010-0119000054ta190104 g 0 ind  a978-602-0808-19-2 a745.5 a745.5 PRI p0 aPRIMA, Olimpiana Kristi1 aPunya Barang Bekas? Daur Ulang, Jadikan Uang! /cPrima Olimpiana Kristi, Nurhastuti Putri Utami; penyunting, Tristanti acet.1 aJogjakarta :bTrans Idea Publishing,c2016 a143 hlm. :bilus. ;c26 cm. aBARANG BEKAS. KERAJINAN0 aNURHASTUTI, Putri Utami0 aTRISTANTI a5403 a a5403 b